Miasta leżące po dwóch stronach Wisły - Statystyki

Ogólne statystyki
  • Ten quiz został rozwiązany 452 razy
  • Średni wynik to 6 z 12
Statystyki odpowiedzi
Województwo Liczba ludność Miasto % Poprawnych
mazowieckie 1 777 972 Warszawa
99%
małopolskie 774 839 Kraków
95%
kujawsko-pomorskie 201 798 Toruń
86%
mazowieckie 119 709 Płock
69%
kujawsko-pomorskie 110 287 Włocławek
53%
śląskie 11 074 Wisła
49%
świętokrzyskie 23 193 Sandomierz
46%
mazowieckie 28 660 Nowy Dwór Mazowiecki
20%
śląskie 16 017 Ustroń
19%
śląskie 14 550 Skoczów
11%
śląskie 3 643 Strumień
5%
małopolskie 11 474 Brzeszcze
4%
Nie znaleziono quizów pasujących do podanych kryteriów
Rozkład punktacji
Procent ludzi z każdym wynikiem
Percentyl według liczby udzielonych odpowiedzi
Twoja historia wyników
Nie rozwiązałeś tego quizu